书目信息 |
| 题名: |
高等数学学习与提高
|
|
| 作者: | 喻五一 , 杨建华 , 熊德之 主编 | |
| 分册: | ||
| 出版信息: | 北京 科学出版社 2007.05 |
|
| 页数: | 434页 | |
| 开本: | 24cm | |
| 丛书名: | ||
| 单 册: | ||
| 中图分类: | O13-42 | |
| 科图分类: | ||
| 主题词: | 高等数学--gao deng shu xue--高等学校--教学参考资料 | |
| 电子资源: | ||
| ISBN: | 978-7-03-018872-4 | |
| 000 | 00932nam0 2200253 450 | |
| 001 | 012007682994 | |
| 005 | 20070920104539.48 | |
| 010 | @a978-7-03-018872-4@dCNY37.50 | |
| 100 | @a20070818d2007 km y0chiy0120 ea | |
| 101 | 0 | @achi |
| 102 | @aCN@b110000 | |
| 105 | @aa z 000yy | |
| 200 | 1 | @a高等数学学习与提高@Agao deng shu xue xue xi yu ti gao@f熊德之, 喻五一, 杨建华主编@Fxiong de zhi,yu wu yi,yang jian hua zhu bian |
| 210 | @a北京@c科学出版社@d2007.05 | |
| 215 | @a434页@c图@d24cm | |
| 300 | @a21世纪高等院校创新教材 | |
| 330 | @a本书内容包括:函数与极限、导数与微分、中值定理与导数的应用、不定积分、定积分及其应用、空间解析几何、多元函数微分法及其应用等。 | |
| 606 | 0 | @a高等数学@Agao deng shu xue@x高等学校@j教学参考资料 |
| 690 | @aO13-42@v4 | |
| 701 | 0 | @a喻五一@Ayu wu yi@4主编 |
| 701 | 0 | @a杨建华@Ayang jian hua@4主编 |
| 701 | 0 | @a熊德之@Axiong de zhi@4主编 |
| 801 | 0 | @aCN@c20070920 |
| 905 | @dO13-42@eX637 | |
| 高等数学学习与提高/熊德之, 喻五一, 杨建华主编.-北京:科学出版社,2007.05 |
| 434页:图;24cm |
| 21世纪高等院校创新教材 |
| ISBN 978-7-03-018872-4:CNY37.50 |
| 本书内容包括:函数与极限、导数与微分、中值定理与导数的应用、不定积分、定积分及其应用、空间解析几何、多元函数微分法及其应用等。 |
| ● |
| 相关链接 |
|
|
|
正题名:高等数学学习与提高
索取号:O13-42/X637
 
预约/预借
| 序号 | 登录号 | 条形码 | 馆藏地/架位号 | 状态 | 备注 |
| 1 | 260627 | 202606279 | 自科库401/401自科库 108排4列5层/ [索取号:O13-42/X637] | 在馆 | |
| 2 | 260628 | 202606288 | 自科库401/401自科库 108排4列5层/ [索取号:O13-42/X637] | 在馆 | |
| 3 | 260629 | 202606297 | 期刊室512/401自科库 108排4列5层/ [索取号:O13-42/X637] | 在馆 |